000 01902cam a22004937a 4500
001 000093448
003 CHAP
005 20240213062707.0
008 050330d2005 mx d r 00110 spa d
010 _a89914
011 _a90886
035 _a101443
040 _cCHAP
090 _aTesis
100 0 0 _aCastrejón Salmerón, Julio César.
_920305
245 1 0 _aRebrote en Bermuda de la Costa Cruza 1 Cynodon dactylon L. Pers. y Tifton 85 Cynodon hybr. cosechados a diferente altura en primavera /
_c/por Julio César Castrejón Salmerón y Pedro Ixkin Cruz López.
260 _aChapingo, Méx. :
_bEl autor,
_c2005.
300 _a64 h. :
_bgráfs. ; cuadros.
502 _aTesis (Ing. Agr. Esp. en Zootecnia) -- UACH. Departamento de Zootecnia
590 _aALEPH
_b10
_c20130110
_lUCH01
_h1505
590 _aBATCH-UPD
_b10
_c20130110
_lUCH01
_h0638
590 _aBATCH-UPD
_b10
_c20130110
_lUCH01
_h2305
590 _aBATCH-UPD
_b10
_c20130410
_lUCH01
_h0322
590 _aBATCH-UPD
_b10
_c20130914
_lUCH01
_h0859
590 _aBATCH-UPD
_b10
_c20140324
_lUCH01
_h1450
590 _aBATCH-UPD
_b10
_c20141002
_lUCH01
_h0825
590 _aBATCH
_b00
_c20181121
_lUCH01
_h0759
590 _aCONVERSION
_b10
_c20130109
_lUCH01
_h1350
590 _aE5765TAJ
_b10
_c20130613
_lUCH01
_h1229
650 1 4 _aCynodon dactylon.
_930800
650 1 7 _aCynodon nlemfuensis
_2
_930799
650 1 4 _aForrajes
_xInvestigación.
_942576
650 1 4 _aForrajes
_xProducción.
_942589
650 1 4 _aForrajes
_xRendimiento.
_942593
700 0 _aCruz López, Pedro Ixkin.
_929485
856 _3Finding aid
_uhttp://10.13.5.2/tesis/101443.pdf
_zTeclea aquí
856 _a1
_n0001450
901 _aBK
905 _aMarco A. Mendoza T.
942 _cCD
942 _n0
949 _aTesis
_bBC
_cTES
_d1014431
_eTS1
_gDonaciØn
_h43591
_i101443
_sb
949 _aTesis
_bBC
_cTES
_d33724000954244
_eTS2
_fc.2
_gDonaciØn
_h43592
_i101443
_sb
999 _c89914
_d89914